Python for Data Analysis (Record no. 617376)

000 -LEADER
fixed length control field 00391nam a22001337a 4500
040 ## - CATALOGING SOURCE
Transcribing agency Wesley McLinney
082 ## - DEWEY DECIMAL CLASSIFICATION NUMBER
Classification number 005.133
Author Mark M4788 P
100 ## - MAIN ENTRY--PERSONAL NAME
Personal name McKinney, Wes
9 (RLIN) 126389
245 ## - TITLE STATEMENT
Title Python for Data Analysis
Remainder of title Data Wrangling with pandas, Numpy & Jupyter 3rd Edition
250 ## - EDITION STATEMENT
Edition statement 3rd ed.
260 ## - PUBLICATION, DISTRIBUTION, ETC.
Place of publication, distribution, etc. Sebastopol
Name of publisher, distributor, etc. Wesley McLinney
Date of publication, distribution, etc. 2022
300 ## - PHYSICAL DESCRIPTION
Extent xvi, 561p.
Dimensions 27cm.
942 ## - ADDED ENTRY ELEMENTS (KOHA)
Source of classification or shelving scheme
Koha item type Reference
Holdings
Withdrawn status Lost status Source of classification or shelving scheme Damaged status Not for loan Permanent Location Current Location Date acquired Total Checkouts Full call number Barcode Date last seen Price effective from Koha item type
          School of Chemical & Materials Engineering (SCME) School of Chemical & Materials Engineering (SCME) 05/11/2026   005.133 M4788 P SCME-4889 05/11/2026 05/11/2026 Reference
© 2023 Central Library, National University of Sciences and Technology. All Rights Reserved.